Jane austen`s Emma / (Record no. 334393)
[ view plain ]
| 000 -LEADER | |
|---|---|
| fixed length control field | 00374cam a2200157ua 4500 |
| 041 ## - LANGUAGE CODE | |
| Language code of text/sound track or separate title | eng |
| Language code of original | |
| 082 ## - DEWEY DECIMAL CLASSIFICATION NUMBER | |
| Classification number | 828.09 |
| Item number | MUL/JA |
| 100 ## - MAIN ENTRY--PERSONAL NAME | |
| Personal name | Mullik, B.R. |
| 245 ## - TITLE STATEMENT | |
| Title | Jane austen`s Emma / |
| Statement of responsibility, etc. | B R Mullik. |
| Medium | Textual Documents |
| 250 ## - EDITION STATEMENT | |
| Edition statement | 2 / |
| Remainder of edition statement | . |
| 260 ## - PUBLICATION, DISTRIBUTION, ETC. (IMPRINT) | |
| Place of publication, distribution, etc. | New Delhi : |
| Name of publisher, distributor, etc. | S.Chand and Co , |
| Date of publication, distribution, etc. | 1964. |
| 300 ## - PHYSICAL DESCRIPTION | |
| Extent | 45 ; . |
| 504 ## - BIBLIOGRAPHY, ETC. NOTE | |
| Bibliography, etc | |
| 942 ## - ADDED ENTRY ELEMENTS (KOHA) | |
| Koha item type | Books (General) |
| Withdrawn status | Lost status | Damaged status | Not for loan | Home library | Current library | Date acquired | Total Checkouts | Full call number | Barcode | Date last seen | Price effective from | Koha item type |
|---|---|---|---|---|---|---|---|---|---|---|---|---|
| Written off | Kelappaji College of Agricultural Engineering & Technology Library, Tavanur | Kelappaji College of Agricultural Engineering & Technology Library, Tavanur | 07/04/2012 | 828.09 | KAU_KCAEFT-9997 | 03/09/2025 | 03/09/2025 | Books (General) |
